[Event "Asia-ch Universities (Women)"]
[Site "Tagaytay City"]
[Date "2018.05.31"]
[Round "7"]
[White "Ankitha, Goud Palle"]
[Black "Mohd Saufi, Najihah"]
[Result "1-0"]
[WhiteElo "1741"]
[BlackElo "1595"]
[PlyCount "68"]
[EventDate "2018.05.27"]
[EventType "swiss"]
[EventRounds "9"]
[EventCountry "PHI"]
[SourceTitle "CBM 184 Extra"]
[Source "ChessBase"]
[SourceDate "2018.06.28"]
[SourceVersion "1"]
[SourceVersionDate "2018.06.28"]
[SourceQuality "1"]

1. Nf3 Nf6 2. g3 g6 3. Bg2 Bg7 4. 0-0 0-0 5. c4 d6 6. b3 e5 7. Bb2 Nc6 8. d3 Nd7 9. Nbd2 f5 10. a3 Ne7 11. b4 d5 12. cxd5 Nxd5 13. Qb3 N7b6 14. e4 Be6 15. exd5 Bxd5 16. Qc2 Qd6 17. Rfe1 Rfe8 18. Rac1 Rac8 19. Nc4 Nxc4 20. dxc4 Be4 21. Qb3 c5 22. Rcd1 Qc6 23. b5 Qe6 24. Ng5 Qf6 25. Nxe4 fxe4 26. Bxe4 Rf8 27. Re2 b6 28. Bd5+ Kh8 29. Bxe5 Qg5 30. Bxg7+ Kxg7 31. Qc3+ Kh6 32. Qe3 Qxe3 33. Rxe3 Rce8 34. Rxe8 Rxe8 1-0

[Event "Asia-ch Universities (Women)"]
[Site "Tagaytay City"]
[Date "2018.05.30"]
[Round "6"]
[White "Mohd Saufi, Najihah"]
[Black "Vicente, Venice"]
[Result "0-1"]
[WhiteElo "1595"]
[BlackElo "1817"]
[PlyCount "46"]
[EventDate "2018.05.27"]
[EventType "swiss"]
[EventRounds "9"]
[EventCountry "PHI"]
[SourceTitle "CBM 184 Extra"]
[Source "ChessBase"]
[SourceDate "2018.06.28"]
[SourceVersion "1"]
[SourceVersionDate "2018.06.28"]
[SourceQuality "1"]

1. e4 d6 2. Nf3 Nf6 3. Nc3 g6 4. Bc4 Bg7 5. h3 0-0 6. 0-0 Nxe4 7. Bxf7+ Rxf7 8. Nxe4 h6 9. d4 d5 10. Ng3 Nc6 11. Qd3 Qd6 12. c3 Bd7 13. Nh4 e5 14. Qxg6 Qxg6 15. Nxg6 exd4 16. cxd4 Nxd4 17. Bf4 Bb5 18. Rfd1 Re8 19. Re1 Rxe1+ 20. Rxe1 Kh7 21. Nh5 Ne2+ 22. Rxe2 Bxe2 23. Nxg7 Kxg7 0-1

[Event "Asia-ch Universities (Women)"]
[Site "Tagaytay City"]
[Date "2018.05.29"]
[Round "4"]
[White "Vigna Shree, T."]
[Black "Mohd Saufi, Najihah"]
[Result "0-1"]
[WhiteElo "1384"]
[BlackElo "1595"]
[PlyCount "100"]
[EventDate "2018.05.27"]
[EventType "swiss"]
[EventRounds "9"]
[EventCountry "PHI"]
[SourceTitle "CBM 184 Extra"]
[Source "ChessBase"]
[SourceDate "2018.06.28"]
[SourceVersion "1"]
[SourceVersionDate "2018.06.28"]
[SourceQuality "1"]

1. e4 e5 2. Nf3 Nc6 3. Bc4 Bc5 4. d3 Nge7 5. Nc3 0-0 6. 0-0 d6 7. h3 Be6 8. Bb3 Bxb3 9. axb3 f5 10. Na4 Bb6 11. Nxb6 axb6 12. Rb1 f4 13. Bd2 Ng6 14. c3 Nh4 15. b4 Qf6 16. Nh2 Qg6 17. Qg4 Qxg4 18. Nxg4 h5 19. Nh2 g5 20. g3 Ng6 21. Nf3 fxg3 22. fxg3 h4 23. gxh4 gxh4 24. Bg5 Nf4 25. Bxf4 Rxf4 26. Rf2 Kh7 27. Ng5+ Kh6 28. Rxf4 exf4 29. Nf3 Kh5 30. Kf2 Rg8 31. Rg1 Rg3 32. d4 Ne7 33. Rg2 c5 34. Rh2 cxb4 35. cxb4 Nc6 36. b5 Nb4 37. Ne1 Nd3+ 38. Nxd3 Rxd3 39. e5 dxe5 40. dxe5 Re3 41. e6 Rxe6 42. Kf3 Kg5 43. Rg2+ Kf5 44. Rg4 Re3+ 45. Kg2 Rg3+ 46. Rxg3 fxg3 47. Kf3 Ke5 48. Ke3 Kd5 49. b3 Kc5 50. Kf3 Kxb5 0-1

[Event "Kuala Lumpur Arena op"]
[Site "Kuala Lumpur"]
[Date "2015.11.14"]
[Round "3"]
[White "Mohd Saufi, Najihah"]
[Black "Bakri, Alia Anin Azwa"]
[Result "0-1"]
[WhiteElo "1593"]
[BlackElo "1901"]
[PlyCount "148"]
[EventDate "2015.11.13"]
[EventType "swiss"]
[EventRounds "7"]
[EventCountry "MAS"]
[SourceTitle "EXT 2017"]
[Source "ChessBase"]
[SourceDate "2016.10.25"]
[SourceVersion "1"]
[SourceVersionDate "2016.10.25"]
[SourceQuality "1"]

1. e4 e6 2. d4 d5 3. exd5 exd5 4. Bd3 Nf6 5. Nf3 Bd6 6. 0-0 0-0 7. c3 Bg4 8. Bg5 c6 9. Nbd2 Nbd7 10. Qc2 Qc7 11. Rfe1 Bh5 12. Bxf6 Nxf6 13. Ne5 c5 14. Re3 Rfe8 15. Rae1 cxd4 16. cxd4 Qxc2 17. Bxc2 Bb4 18. Rd3 Bg6 19. Ree3 Bxd3 20. Rxd3 Rac8 21. Ba4 Bxd2 22. Rxd2 Rc1+ 23. Rd1 Rec8 24. Kf1 Rxd1+ 25. Bxd1 Kf8 26. Ke2 Ke7 27. Ke3 Rc1 28. Kd2 Rc7 29. f3 Nd7 30. Nxd7 Kxd7 31. Bc2 g6 32. Kd3 Kd6 33. Kd2 Rc4 34. Kd3 a6 35. b3 Rc7 36. Kd2 Re7 37. Bd3 f5 38. Bc2 Ke6 39. f4 h6 40. h4 Kf6 41. Bd3 g5 42. fxg5+ hxg5 43. hxg5+ Kxg5 44. Be2 Kf6 45. Bf3 Ke6 46. a4 Rh7 47. b4 Rc7 48. Be2 Kd6 49. Bd3 Rg7 50. Bf1 Rg3 51. b5 a5 52. Kc2 Ra3 53. Bd3 f4 54. Be2 Rxa4 55. Kc3 Ra3+ 56. Kc2 Re3 57. Kd2 Rb3 58. Kc2 Ra3 59. Kb2 Re3 60. Bf3 Rd3 61. Kc2 Rxd4 62. Kc3 Rc4+ 63. Kd2 Kc5 64. Be2 Rb4 65. Kc3 a4 66. Bd1 a3 67. Bb3 Rxb5 68. Kc2 Rb4 69. Kc3 b5 70. Bc2 Rb2 71. Bb3 b4+ 72. Kd3 Rxb3+ 73. Kc2 Kc4 74. Kc1 a2 0-1

[Event "Kuala Lumpur Arena op"]
[Site "Kuala Lumpur"]
[Date "2015.11.14"]
[Round "4"]
[White "Teh, Chin Wei"]
[Black "Mohd Saufi, Najihah"]
[Result "0-1"]
[WhiteElo "1427"]
[BlackElo "1593"]
[PlyCount "56"]
[EventDate "2015.11.13"]
[EventType "swiss"]
[EventRounds "7"]
[EventCountry "MAS"]
[SourceTitle "EXT 2017"]
[Source "ChessBase"]
[SourceDate "2016.10.25"]
[SourceVersion "1"]
[SourceVersionDate "2016.10.25"]
[SourceQuality "1"]

1. f4 e6 2. Nf3 Nf6 3. g3 d5 4. d4 c5 5. Be3 Qb6 6. b3 Nc6 7. Bg2 cxd4 8. Bxd4 Nxd4 9. Nxd4 Bc5 10. e3 0-0 11. 0-0 Bd7 12. c3 Rac8 13. Nd2 Bxd4 14. cxd4 Rc3 15. Re1 Rfc8 16. Nf3 Ng4 17. e4 dxe4 18. Rxe4 Ne3 19. Qd2 Nxg2 20. Qxg2 Bc6 21. Ne5 Bxe4 22. Qxe4 f5 23. Nd7 fxe4 24. Nxb6 axb6 25. Rd1 Rc2 26. a4 Rb2 27. d5 exd5 28. Rxd5 Rc1+ 0-1

[Event "MAS-ch (Women)"]
[Site "Kuala Lumpur"]
[Date "2015.06.01"]
[Round "6"]
[White "Mohd Saufi, Najihah"]
[Black "Tan, Li Ting"]
[Result "0-1"]
[WhiteElo "1572"]
[BlackElo "1965"]
[PlyCount "60"]
[EventDate "2015.05.30"]
[EventType "tourn"]
[EventRounds "9"]
[EventCountry "MAS"]
[SourceTitle "CBM 166 Extra"]
[Source "ChessBase"]
[SourceDate "2015.06.18"]
[SourceVersion "1"]
[SourceVersionDate "2015.06.18"]
[SourceQuality "1"]

1. e4 e5 2. d4 exd4 3. c3 dxc3 4. Bc4 cxb2 5. Bxb2 Bb4+ 6. Nc3 Qe7 7. Qe2 d6 8. a3 Ba5 9. Bxf7+ Qxf7 10. Qb5+ Nc6 11. Nge2 Nge7 12. 0-0 a6 13. Qg5 Qg6 14. Qh4 Qg4 15. Qxg4 Bxg4 16. f3 Bd7 17. Nf4 Ne5 18. Ncd5 c6 19. Nxe7 Kxe7 20. Rfd1 Rhf8 21. Bxe5 dxe5 22. Nd3 Bb6+ 23. Kh1 Bd4 24. Rab1 b5 25. f4 c5 26. fxe5 Be6 27. Rbc1 Bc4 28. g3 Bxd3 29. Rxd3 Rf2 30. Rdd1 Raf8 0-1

[Event "MAS-ch (Women)"]
[Site "Kuala Lumpur"]
[Date "2015.05.30"]
[Round "2"]
[White "Nithyalakshmi, Sivanesan"]
[Black "Mohd Saufi, Najihah"]
[Result "1-0"]
[WhiteElo "1786"]
[BlackElo "1572"]
[PlyCount "93"]
[EventDate "2015.05.30"]
[EventType "tourn"]
[EventRounds "9"]
[EventCountry "MAS"]
[SourceTitle "CBM 166 Extra"]
[Source "ChessBase"]
[SourceDate "2015.06.18"]
[SourceVersion "1"]
[SourceVersionDate "2015.06.18"]
[SourceQuality "1"]

1. d4 e6 2. c4 d5 3. Nc3 Nf6 4. cxd5 exd5 5. Bg5 c6 6. e3 Bf5 7. Qf3 Bg6 8. Bxf6 Qxf6 9. Qxf6 gxf6 10. a3 Nd7 11. Kd2 Bh6 12. h4 0-0-0 13. g4 Rde8 14. Re1 c5 15. Nb5 Kb8 16. h5 Be4 17. f3 a6 18. Nd6 Re7 19. fxe4 cxd4 20. Nf5 Bxe3+ 21. Nxe3 dxe3+ 22. Rxe3 dxe4 23. Bg2 Nc5 24. b4 Nd3 25. Nh3 Rd8 26. Ke2 Rd4 27. Rf1 Nb2 28. Rf4 Nd1 29. Rb3 Re6 30. Nf2 Nxf2 31. Rxf2 e3 32. Rxe3 Rxg4 33. Bd5 Rxe3+ 34. Kxe3 Rg3+ 35. Rf3 Rg5 36. Bxf7 Re5+ 37. Kd4 Re1 38. Rxf6 Ra1 39. Rf3 Kc7 40. Ke5 Kd7 41. Kf6 Rg1 42. Rf5 h6 43. Bg6 Rg3 44. Rd5+ Kc6 45. Rd3 Rg1 46. Kg7 Kb5 47. Kxh6 1-0